[Event "Napoli Settembre al Vomero 2nd"]
[Site "Napoli"]
[Date "2005.10.13"]
[Round "5"]
[White "Canfora, Fabrizio"]
[Black "Accardo, Francesco"]
[Result "0-1"]
[WhiteElo "1905"]
[BlackElo "2081"]
[PlyCount "77"]
[EventDate "2005.09.15"]
[EventType "swiss"]
[EventRounds "7"]
[EventCountry "ITA"]
[SourceTitle "EXT 2018"]
[Source "ChessBase"]
[SourceDate "2017.10.13"]
[SourceVersion "1"]
[SourceVersionDate "2017.10.13"]
[SourceQuality "1"]

1. e4 b6 2. d4 Bb7 3. Nc3 e6 4. Nf3 Be7 5. Bd3 d6 6. Qe2 Nd7 7. Bf4 a6 8. e5 g5 9. exd6 cxd6 10. Bg3 g4 11. Nd2 Bxg2 12. Rg1 Bh3 13. Nc4 Ndf6 14. 0-0-0 b5 15. Nd2 h5 16. Nde4 h4 17. Bf4 Nh5 18. Be3 f5 19. Nc5 dxc5 20. dxc5 Qa5 21. Rge1 b4 22. Nb1 Ngf6 23. Bg5 Ng7 24. Bxf5 Qxc5 25. Bg6+ Kf8 26. Qd2 g3 27. f4 Rc8 28. Re5 Qc6 29. Bxf6 Bxf6 30. Qxb4+ Be7 31. Qb3 Qc4 32. Qf3 Nf5 33. Bxf5 Bxf5 34. Na3 Qxa2 35. Rxf5+ exf5 36. Qb7 Qe6 37. Rd7 Qe3+ 38. Kb1 Rd8 39. Qd5 0-1